000 01472nam a2200433 i 4500
001 19457
003 KOSZ 005
005 20210308093818.0
008 210308s1980 pl a f f 001 0 pol
015 _aPB 1980/8496
020 _a8301002433
035 _a(OCoLC)749177837
040 _aWA N
_cWA N
_dKOSZ 005/HR
_dKOSZ 005/RW
046 _k1980
080 _a536
080 _a(075.8)
100 1 _aStaniszewski, Bogumił
_d(1924-1995)
_eAutor
245 1 0 _aWymiana ciepła :
_bpodstawy teoretyczne /
_cBogumił Staniszewski.
250 _aWydanie 2 poprawione [dodruk].
260 _aWarszawa :
_bPaństwowe Wydawnictwo Naukowe,
_c1980.
300 _a467, [1] stron :
_bilustracje, tabele, wykr.esy;
_c24 cm.
336 _aTekst
_btxt
_2rdacontent
337 _aBez urządzenia pośredniczącego
_bn
_2rdamedia
338 _aWolumin
_bnc
_2rdacarrier
380 _aKsiążki
380 _aPublikacje dydaktyczne
385 _mPoziom nauczania
_aSzkoły wyższe
388 1 _a1901-2000
388 1 _a1945-1989
504 _aBibliografia przy rozdziałach. Indeks.
650 7 _aTermodynamika
650 7 _aCiepło
655 7 _aPodręczniki akademickie
658 _aFizyka i astronomia
658 _aInżynieria i technika
710 2 _aPaństwowe Wydawnictwo Naukowe
_4pbl
856 _uhttp://koha.tu.koszalin.pl/cgi-bin/koha/opac-detail.pl?biblionumber=19457
_yKatalog online BPK
942 _2UKD
_cKS
999 _c19457
_d19457